[Event "C'Chartres Blitz op"]
[Site "Europe Echecs INT"]
[Date "2020.11.28"]
[Round "3"]
[White "Jimenez, Georges"]
[Black "Benmesbah, Natacha"]
[Result "0-1"]
[WhiteElo "1754"]
[BlackElo "2223"]
[PlyCount "64"]
[EventDate "2020.11.28"]
[EventType "swiss (blitz)"]
[EventRounds "11"]
[EventCountry "FRA"]
[SourceTitle "CBM 199 Extra"]
[Source "ChessBase"]
[SourceDate "2021.01.31"]
[SourceVersion "1"]
[SourceVersionDate "2021.01.31"]
[SourceQuality "1"]

1. d4 Nf6 2. Nf3 e6 3. e3 c5 4. c3 b6 5. Bd3 Bb7 6. 0-0 d5 7. Nbd2 Nbd7 8. Qe2 Ne4 9. Ne1 f5 10. f3 Nxd2 11. Bxd2 Bd6 12. e4 0-0 13. exd5 Qc7 14. f4 exd5 15. g3 Rae8 16. Qf3 Re4 17. Qh5 g6 18. Qh3 Nf6 19. Nf3 Rfe8 20. Ne5 cxd4 21. cxd4 Rxd4 22. Bc3 Bc5 23. Bxd4 Bxd4+ 24. Kh1 Be3 25. Be2 d4+ 26. Bf3 Be4 27. Qh6 Qg7 28. Qxg7+ Kxg7 29. Kg2 Rc8 30. Rad1 Rc2+ 31. Kh3 Rxb2 32. g4 Bxf3 0-1

[Event "Europe Echecs Blitz Nov op"]
[Site "Europe Echecs INT"]
[Date "2020.11.08"]
[Round "1"]
[White "Jimenez, Georges"]
[Black "Fantinel, Thibault"]
[Result "0-1"]
[WhiteElo "1754"]
[BlackElo "2375"]
[PlyCount "56"]
[EventDate "2020.11.08"]
[EventType "swiss (blitz)"]
[EventRounds "11"]
[EventCountry "FRA"]
[SourceTitle "CBM 199 Extra"]
[Source "ChessBase"]
[SourceDate "2021.01.31"]
[SourceVersion "1"]
[SourceVersionDate "2021.01.31"]
[SourceQuality "1"]

1. d4 Nf6 2. Nf3 b6 3. e3 Bb7 4. Bd3 g6 5. 0-0 Bg7 6. b3 0-0 7. Bb2 c5 8. c4 cxd4 9. exd4 d5 10. Nbd2 Nc6 11. Rc1 Rc8 12. Re1 e6 13. Ne5 dxc4 14. Nxc6 Bxc6 15. Nxc4 Nd5 16. Ne5 Bb7 17. Bf1 Qg5 18. Qg4 Qxg4 19. Nxg4 Rfd8 20. Bc4 Nf4 21. f3 Bxd4+ 22. Bxd4 Rxd4 23. Kh1 Rd2 24. Nf6+ Kg7 25. Ne4 Rxg2 26. Nd6 Bxf3 27. Rf1 Rf2+ 28. Kg1 Nh3# 0-1

[Event "Europe Echecs Blitz Nov op"]
[Site "Europe Echecs INT"]
[Date "2020.11.08"]
[Round "10"]
[White "Lambach, Maxime"]
[Black "Jimenez, Georges"]
[Result "1-0"]
[WhiteElo "1962"]
[BlackElo "1754"]
[PlyCount "41"]
[EventDate "2020.11.08"]
[EventType "swiss (blitz)"]
[EventRounds "11"]
[EventCountry "FRA"]
[SourceTitle "CBM 199 Extra"]
[Source "ChessBase"]
[SourceDate "2021.01.31"]
[SourceVersion "1"]
[SourceVersionDate "2021.01.31"]
[SourceQuality "1"]

1. e4 e6 2. d4 d5 3. Nd2 c5 4. c3 cxd4 5. cxd4 Bb4 6. e5 Nc6 7. Ngf3 Qb6 8. a3 Bxd2+ 9. Qxd2 Nge7 10. Bd3 Nf5 11. Bxf5 exf5 12. 0-0 Be6 13. b4 0-0 14. Bb2 Rac8 15. Rac1 Rc7 16. Rc5 Rfc8 17. Rfc1 Ne7 18. Qg5 h6 19. Qh4 Ng6 20. Rxc7 Rxc7 21. Qd8+ 1-0

[Event "Europe Echecs online op April"]
[Site "Europe Echecs INT"]
[Date "2020.04.11"]
[Round "9"]
[White "Jimenez, Georges"]
[Black "Devallee, Jeremie"]
[Result "0-1"]
[WhiteElo "1754"]
[BlackElo "2200"]
[PlyCount "40"]
[EventDate "2020.04.11"]
[EventType "swiss (blitz)"]
[EventRounds "11"]
[EventCountry "FRA"]
[SourceTitle "EXT 2021"]
[Source "ChessBase"]
[SourceDate "2020.10.23"]
[SourceVersion "1"]
[SourceVersionDate "2020.10.23"]
[SourceQuality "1"]

1. d4 Nf6 2. Nf3 c5 3. e3 d5 4. c3 Nc6 5. Bd3 e6 6. 0-0 Bd6 7. dxc5 Bxc5 8. Nbd2 0-0 9. e4 Re8 10. e5 Nd7 11. Qe2 Qc7 12. Re1 Bf8 13. Nf1 f6 14. Bf4 f5 15. h4 Nc5 16. Bc2 b6 17. Rad1 Ba6 18. Qd2 Rad8 19. b4 Ne4 20. Bxe4 dxe4 0-1

[Event "Europe Echecs online op April"]
[Site "Europe Echecs INT"]
[Date "2020.04.11"]
[Round "8"]
[White "Rode, Anthony"]
[Black "Jimenez, Georges"]
[Result "0-1"]
[WhiteElo "2055"]
[BlackElo "1754"]
[PlyCount "178"]
[EventDate "2020.04.11"]
[EventType "swiss (blitz)"]
[EventRounds "11"]
[EventCountry "FRA"]
[SourceTitle "EXT 2021"]
[Source "ChessBase"]
[SourceDate "2020.10.23"]
[SourceVersion "1"]
[SourceVersionDate "2020.10.23"]
[SourceQuality "1"]

1. e4 e6 2. d4 d5 3. Nd2 c5 4. exd5 Qxd5 5. dxc5 Bxc5 6. Ngf3 Nf6 7. Bc4 Qd6 8. 0-0 0-0 9. Qe2 b6 10. Rd1 Qe7 11. Nb3 Bb7 12. Nxc5 Qxc5 13. Be3 Qe7 14. Ne5 Nc6 15. Bg5 Nxe5 16. Qxe5 Rad8 17. Bxf6 Qxf6 18. Qxf6 gxf6 19. Kf1 Kg7 20. f3 Kg6 21. Ke2 f5 22. a4 a6 23. Rd2 Rxd2+ 24. Kxd2 Rd8+ 25. Ke3 Kf6 26. b4 e5 27. Bd3 Ke6 28. Rd1 f4+ 29. Ke2 h6 30. Bc4+ Ke7 31. Rxd8 Kxd8 32. Bxf7 Ke7 33. Bg6 Kd6 34. Kd3 Bc6 35. c4 Bxa4 36. Be4 Bd7 37. h4 a5 38. bxa5 bxa5 39. h5 Kc5 40. Kc3 Bc8 41. Bc2 Ba6 42. Bd3 Bb7 43. Be2 Bc6 44. Bd3 Bb7 45. Kb3 Bc6 46. Bc2 Bd7 47. Bd3 Bc6 48. Be2 Bd7 49. Ka3 Bc6 50. Kb3 Bd7 51. Bd1 Bc6 52. Kc3 Bd7 53. Bc2 Bc6 54. Be4 Bxe4 55. fxe4 a4 56. Kd3 a3 57. Kc3 a2 58. Kb2 a1Q+ 59. Kxa1 Kxc4 60. Kb2 Kd4 61. g4 fxg3 62. Kb3 g2 63. Kb4 Kxe4 64. Kb5 Kd4 65. Kc6 e4 66. Kd6 Ke3 67. Ke6 Kf4 68. Kf6 Kg4 69. Kg6 e3 70. Kh7 e2 71. Kh8 e1Q 72. Kh7 Kxh5 73. Kh8 Kg4 74. Kh7 h5 75. Kh8 h4 76. Kg7 h3 77. Kg6 h2 78. Kf6 Kf3 79. Kg6 Ke3 80. Kf6 Kd3 81. Kf5 Kc2 82. Kf4 g1Q 83. Kf3 Qef1+ 84. Ke4 h1Q+ 85. Ke5 Qh4 86. Kd6 Qgg5 87. Kc6 Qff6+ 88. Kc7 Qgg7+ 89. Kc8 Qhh8# 0-1